000 00435nam a22001817a 4500
003 MPLRDC
005 20220104113732.0
008 210129b ||||| |||| 00| 0 eng d
020 _a962-257-867-5
082 _a848.3 CL v.26
100 _a蔡澜著
245 _a给年轻人的信
_c
250 _a第二版
260 _a
_b天地图书有限公司
_c1996
300 _b
650 _a现代别集
942 _cBK
_o848.3 CL v.26
999 _c1942
_d1932